[Event "Oregon-ch"]
[Site "Portland"]
[Date "2016.02.13"]
[Round "5"]
[White "Morris, Michael J"]
[Black "Haessler, Carl A"]
[Result "1/2-1/2"]
[WhiteElo "2095"]
[BlackElo "2159"]
[PlyCount "70"]
[EventDate "2016.02.06"]
[EventType "tourn"]
[EventRounds "9"]
[EventCountry "USA"]
[SourceTitle "EXT 2018"]
[Source "ChessBase"]
[SourceDate "2017.10.13"]
[SourceVersion "1"]
[SourceVersionDate "2017.10.13"]
[SourceQuality "1"]

1. e4 d6 2. d4 Nf6 3. Nc3 Nbd7 4. Nf3 e5 5. Bc4 Be7 6. 0-0 0-0 7. h3 c6 8. dxe5 dxe5 9. a4 Qc7 10. Qe2 a5 11. Bg5 Nc5 12. Rad1 Be6 13. Nd2 Rad8 14. Be3 Rd7 15. Bxc5 Bxc5 16. Bxe6 fxe6 17. Qc4 Bd4 18. Qxe6+ Kh8 19. Nf3 Rfd8 20. Qb3 h6 21. Rde1 Ba7 22. Qe6 Re8 23. Qc4 Nh5 24. Rd1 Rf7 25. Ne2 Rxf3 26. gxf3 Qe7 27. Qd3 Qh4 28. Qd7 Nf6 29. Qxb7 Bd4 30. c3 Qxh3 31. cxd4 Qxf3 32. Ng3 Ng4 33. Qxc6 Ne3 34. Qxe8+ Kh7 35. fxe3 Qxg3+ 1/2-1/2